000 00415nam a2200169Ia 4500
008 230524s9999 xx 000 0 und d
020 _a9780198078050
082 _a621.382
_bSEK
100 _aV.Chandra Sekar
_942020
245 0 _aCommunication Systems
250 _a1
260 _aNew Delhi
_bOxford
_c2012
300 _a"XXIII,917p;"
500 _aQuantity Number: 1
650 _aElectronics
942 _cBK
999 _c56433
_d56433